Every Place in Arizona on a Map - Statistics

General Stats
  • This quiz has been taken 161 times
  • The average score is 40 of 467
Answers on the Map
Answers color-coded by a green-red scale on the quiz's map according to % correct below.
 
Answer Stats
Population Place % Correct
1,608,139 Phoenix
95%
542,629 Tucson
89%
76,831 Flagstaff
80%
504,258 Mesa
79%
95,548 Yuma
75%
241,361 Scottsdale
71%
275,987 Chandler
67%
248,325 Glendale
66%
180,587 Tempe
65%
267,918 Gilbert
61%
57,144 Lake Havasu City
54%
190,985 Peoria
48%
143,148 Surprise
48%
9,684 Sedona
44%
95,294 Goodyear
41%
19,770 Nogales
40%
45,827 Prescott
40%
91,502 Buckeye
36%
58,125 Maricopa
36%
32,689 Kingman
34%
41,348 Bullhead City
33%
89,334 Avondale
31%
46,785 Prescott Valley
30%
1,308 Tombstone
30%
53,658 Casa Grande
29%
38,499 Apache Junction
28%
7,440 Page
27%
9,005 Winslow
26%
45,308 Sierra Vista
25%
59,519 Queen Creek
24%
39,931 Sun City
24%
4,923 Bisbee
22%
7,249 Globe
21%
51,908 Marana
21%
47,070 Oro Valley
21%
11,732 Show Low
21%
1,581 Tubac
21%
9,868 Arizona City
20%
2,478 Colorado City
20%
16,534 Douglas
20%
2,847 Pima
20%
7,551 Catalina
17%
35,257 San Luis
17%
25,806 Sun City West
17%
8,072 Tuba City
17%
4,858 Holbrook
16%
12,658 Paradise Valley
16%
4,892 Cave Creek
15%
2,413 Quartzsite
15%
99,894 San Tan Valley
15%
6,104 Snowflake
15%
2,500 Window Rock
15%
52,401 Catalina Foothills
14%
12,029 | 167 Cottonwood
14%
26,785 Florence
14%
7,474 Wickenburg
14%
23,820 Fountain Hills
13%
75 Franklin
13%
1,784 Grand Canyon Village
13%
5,322 Guadalupe
13%
464 Jerome
13%
3,417 Parker
13%
16,351 Payson
13%
10,129 Safford
13%
122 Why
13%
3,213 Willcox
13%
3,202 Williams
13%
4,670 Kayenta
12%
1,953 Pine
12%
4,613 South Tucson
12%
3,417 | 690 St. Johns
12%
7,216 Tolleson
12%
12,147 Camp Verde
11%
15,635 Eloy
11%
1,892 Gila Bend
11%
23,190 Anthem
10%
5,355 Benson
10%
3,690 Carefree
10%
70,973 Casas Adobes
10%
4,573 Chinle
10%
3,933 Clifton
10%
13,218 Coolidge
10%
35,805 El Mirage
10%
1,323 Fredonia
10%
22,616 Green Valley
10%
1,541 Miami
10%
17,290 New River
10%
4,030 Pinetop-Lakeside
10%
34,134 Sahuarita
10%
446 Seligman
10%
14,197 Somerton
10%
13,604 Vail
10%
759 Valle
10%
3,039 Ajo
9%
406 Bowie
9%
734 Cameron
9%
694 Duncan
9%
16,190 Fort Mohave
9%
27,776 Fortuna Foothills
9%
2,028 Morenci
9%
1,162 Salome
9%
3,995 Taylor
9%
12,069 Tucson Estates
9%
2 Aztec
8%
2,677 Black Canyon City
8%
3,541 Fort Defiance
8%
1,626 Huachuca City
8%
6,847 Litchfield Park
8%
1,098 Peach Springs
8%
467 San Jose
8%
39 Santa Cruz
8%
2,121 Sells
8%
153 Sun Valley
8%
507 Teec Nos Pos
8%
5,231 Thatcher
8%
6,128 Village of Oak Creek (Big Park)
8%
2,375 Wellton
8%
588 Young
8%
146 Alpine
7%
13,020 Chino Valley
7%
257 Dateland
7%
27,523 Drexel Heights
7%
763 Ehrenberg
7%
15,657 Flowing Wells
7%
571 Gadsden
7%
1,741 Kearny
7%
1,076 Mammoth
7%
3,051 Oracle
7%
136 | 2,625 Red Rock
7%
20,549 Rio Rico
7%
26 Roosevelt
7%
14,428 Sierra Vista Southeast
7%
1,717 Springerville
7%
943 Strawberry
7%
14,868 Sun Lakes
7%
2,407 Superior
7%
425 Tacna
7%
16,250 Tanque Verde
7%
603 Tusayan
7%
458 Wenden
7%
4,520 Whiteriver
7%
96 Yucca
7%
150 Arlington
6%
361 Ash Fork
6%
1,932 Bagdad
6%
1,552 Beaver Dam
6%
707 Bouse
6%
466 Brenda
6%
229 Chloride
6%
4,424 Clarkdale
6%
1,811 Congress
6%
9,240 Corona de Tucson
6%
4,326 Dewey-Humboldt
6%
1,734 Dolan Springs
6%
5,910 Doney Park
6%
4,395 Eagar
6%
883 Ganado
6%
8,801 Golden Valley
6%
0 Grand Canyon West
6%
512 Hayden
6%
2,898 Heber-Overgaard
6%
5,111 Lake Montezuma
6%
256 Littlefield
6%
1,424 Lukachukai
6%
1,243 Many Farms
6%
1,558 Mayer
6%
2,693 Mohave Valley
6%
90 Mormon Lake
6%
186 Morristown
6%
1,096 Munds Park
6%
824 Naco
6%
12,907 New Kingman-Butler
6%
102 Oatman
6%
621 Parker Strip
6%
804 Patagonia
6%
9,551 Picture Rocks
6%
456 Pinal
6%
2,210 Rio Verde
6%
552 Rock Point
6%
640 Round Rock
6%
3,987 San Carlos
6%
3,114 San Manuel
6%
205 San Miguel
6%
158 San Simon
6%
474 Santa Rosa
6%
2,484 Star Valley
6%
4,724 Summit
6%
0 Supai
6%
5,184 Three Points
6%
23 Tonopah
6%
14,101 Valencia West
6%
39 Valentine
6%
12,019 Verde Village
6%
135 Wikieup
6%
2 Willow Canyon
6%
296 Winkelman
6%
599 York
6%
7,056 Youngtown
6%
565 Aguila
5%
198 Amado
5%
1,057 Arizona Village
5%
5,569 Avra Valley
5%
682 Bluewater
5%
173 Bryce
5%
70 Buckshot
5%
1,782 Bylas
5%
1,816 Cibecue
5%
198 Cibola
5%
5,194 Citrus Park
5%
2,684 Cordes Lakes
5%
3,362 Cornville
5%
587 Dennehotso
5%
178 Dragoon
5%
162 Elgin
5%
319 Fort Thomas
5%
1,682 Fort Valley
5%
58 Greer
5%
140 Kaibab
5%
265 Keams Canyon
5%
1,013 Komatke
5%
934 Leupp
5%
94 Martinez Lake
5%
484 McNary
5%
1,420 Meadview
5%
5,567 Paulden
5%
1,308 Peridot
5%
1,084 Pinon
5%
1,412 Pirtleville
5%
183 Poston
5%
354 Red Mesa
5%
94 Rillito
5%
5,612 Rincon Valley
5%
428 Rough Rock
5%
3,254 Sacaton
5%
575 Sanders
5%
843 Second Mesa
5%
803 Sonoita
5%
1,143 Spring Valley
5%
1,639 St. David
5%
233 Sunizona
5%
5 Sunwest
5%
233 Topawa
5%
2 Topock
5%
104 Truxton
5%
1,408 Tsaile
5%
10,862 Tucson Mountains
5%
1,802 Valle Vista
5%
345 White Hills
5%
6,196 Williamson
5%
1,059 Willow Valley
5%
684 Wittmann
5%
50 Ak Chin
4%
119 Ali Chuk
4%
113 Ali Chukson
4%
132 Antares
4%
623 Arivaca
4%
970 Arivaca Junction
4%
4,101 Avenue B and C
4%
494 Burnside
4%
1,524 Cactus Flats
4%
758 Central
4%
1,690 Cienega Springs
4%
522 Circle City
4%
167 Clacks Canyon
4%
1,395 Claypool
4%
54 Concho
4%
21 Crozier
4%
250 Crystal Beach
4%
2,764 Desert Hills
4%
1,194 Dilkon
4%
1,295 Donovan Estates
4%
672 East Fork
4%
421 Elfrida
4%
320 El Prado Estates
4%
1,352 First Mesa
4%
113 Fort Apache
4%
636 Gila Crossing
4%
1,927 Golden Shores
4%
372 Greasewood
4%
126 Gu Oidak
4%
103 Hackberry
4%
232 Indian Wells
4%
1,307 Joseph City
4%
2,502 Kachina Village
4%
1,540 Kaibito
4%
83 Kaka
4%
43 Ko Vaya
4%
368 La Paz Valley
4%
474 Lazy Y U
4%
1,751 Mescal
4%
403 Mesquite Creek
4%
1,068 Mountainaire
4%
249 Nelson
4%
495 Orange Grove Mobile Manor
4%
1,382 Parks
4%
482 Pinedale
4%
142 Pine Lake
4%
158 Pinion Pines
4%
359 Pisinemo
4%
967 Queen Valley
4%
1,001 Rainbow City
4%
571 Rancho Mesa Verde
4%
12,574 Saddlebrooke
4%
1,321 Scenic
4%
494 Shonto
4%
428 So-Hi
4%
235 Steamboat
4%
71 Summerhaven
4%
790 Sunsites
4%
111 Theba
4%
451 Tonalea
4%
189 Top-of-the-World
4%
418 Vicksburg
4%
262 Wall Lane
4%
571 Walnut Creek
4%
570 Yarnell
4%
313 Yuma Proving Ground
4%
4 Alamo Lake
3%
61 Ali Molina
3%
149 Anegam
3%
1,167 Bellemont
3%
72 Beyerville
3%
355 Bitter Springs
3%
594 Blue Ridge
3%
466 Cane Beds
3%
1,727 Casa Blanca
3%
372 Cedar Creek
3%
1,578 Centennial Park
3%
48 Chiawuli Tak
3%
331 Clay Springs
3%
44 Comobabi
3%
105 Cowlic
3%
142 Dripping Springs
3%
225 Drysdale
3%
597 Dudleyville
3%
11,404 Gold Canyon
3%
814 Hondah
3%
1,001 Hotevilla-Bacavi
3%
886 Houck
3%
346 Jeddito
3%
647 J-Six Ranchettes
3%
76 Katherine
3%
166 Kino Springs
3%
736 Kykotsmovi Village
3%
3,648 Lake of the Woods
3%
1,236 LeChee
3%
129 Maish Vaya
3%
63 McConnico
3%
182 McNeal
3%
571 Miracle Valley
3%
53 Moccasin
3%
53 Mojave Ranch Estates
3%
505 Nazlini
3%
39 Nutrioso
3%
115 Oljato-Monument Valley
3%
133 Padre Ranchitos
3%
222 Palominas
3%
499 Peeples Valley
3%
250 Picacho
3%
459 Round Valley
3%
104 Rye
3%
126 Seba Dalkai
3%
742 Seven Mile
3%
711 Shongopovi
3%
347 Shumway
3%
399 Solomon
3%
558 Stanfield
3%
2,810 Swift Trail Junction
3%
420 Tees Toh
3%
227 Tolani Lake
3%
1,444 Tonto Basin
3%
329 Tumacacori-Carmen
3%
92 Utting
3%
52 Ventana
3%
126 Vernon
3%
88 Wahak Hotrontk
3%
85 Washington Park
3%
167 Wellton Hills
3%
3,236 Whetstone
3%
768 Whitecone
3%
2,335 White Mountain Lake
3%
864 Wilhoit
3%
51 Wintersburg
3%
154 Woodruff
3%
884 Ak-Chin Village
2%
11 Bear Flat
2%
226 Beaver Valley
2%
1,190 Blackwater
2%
606 Cactus Forest
2%
83 Campo Bonito
2%
1,205 Canyon Day
2%
92 Carrizo
2%
2,319 Central Heights-Midland City
2%
27 Charco
2%
769 Chilchinbito
2%
240 Chuichu
2%
158 Copper Hill
2%
221 Cornfields
2%
84 Cutter
2%
230 Deer Creek
2%
258 Del Muerto
2%
259 East Globe
2%
151 East Verde Estates
2%
48 El Capitan
2%
588 Elephant Head
2%
34 Flowing Springs
2%
155 Forest Lakes
2%
90 Freedom Acres
2%
30 Geronimo Estates
2%
536 Gisela
2%
463 Goodyear Village
2%
381 Greenehaven
2%
35 Haigler Creek
2%
72 Haivana Nakya
2%
38 Hard Rock
2%
51 Hunter Creek
2%
574 Icehouse Canyon
2%
98 Jakes Corner
2%
1,034 Kaibab Estates West
2%
181 Klagetoh
2%
165 Kleindale
2%
37 Kohatk
2%
30 Kohls Ranch
2%
2,760 Linden
2%
437 Lower Santan Village
2%
631 Low Mountain
2%
19 Lupton
2%
854 Maricopa Colony
2%
42 Mead Ranch
2%
781 Mesa del Caballo
2%
771 Moenkopi
2%
1,508 Mountain View Ranches
2%
12 Nolic
2%
1,467 North Fork
2%
442 Oak Creek Canyon
2%
54 Oak Springs
2%
198 Oxbow Estates
2%
1,409 Pinetop Country Club
2%
1,680 Red Lake
2%
260 Sacate Village
2%
564 Sawmill
2%
153 Sehili
2%
958 Six Shooter Canyon
2%
176 South Komelik
2%
1,384 St. Michaels
2%
610 Stotonic Village
2%
123 Sweet Water Village
2%
18 Tat Momoli
2%
2,572 Timberline-Fernwood
2%
209 Tonto Village
2%
2 Toyei
2%
377 Turkey Creek
2%
665 Upper Santan Village
2%
93 Vaiva Vo
2%
1,856 Wagon Wheel
2%
300 Wet Camp Village
2%
556 Wheatfields
2%
124 Whispering Pines
2%
20 Wide Ruins
2%
457 Winslow West
2%
121 Christopher Creek
1%
10 Rock House
1%
449 Roosevelt Estates
1%
576 Sacaton Flats Village
1%
No matching quizzes found
Score Distribution
Percent of People with Each Score
Percentile by Number Answered
Your Score History
You have not taken this quiz